[Event "Gibtelecom Masters"]
[Site "Gibraltar"]
[Date "2008.01.26"]
[Round "5.48"]
[White "Goodger, Martyn"]
[Black "Amigues, Emmanuel"]
[Result "0-1"]
[WhiteElo "2113"]
[BlackElo "2378"]
[PlyCount "154"]
[EventDate "2008.01.22"]

1. e4 Nf6 2. e5 Nd5 3. d4 d6 4. c4 Nb6 5. f4 Bf5 6. Nc3 e6 7. Nf3 dxe5 8. fxe5
Bb4 9. Be3 c5 10. Qb3 Nc6 11. dxc5 Nd7 12. O-O-O O-O 13. Na4 Qe7 14. Bd3 Bxd3
15. Qxd3 Nxc5 16. Nxc5 Bxc5 17. Bf4 Rfd8 18. Qe4 Rxd1+ 19. Rxd1 Rd8 20. Rxd8+
Qxd8 21. Be3 Qb6 22. Bxc5 Qxc5 23. Kb1 Qf2 24. g3 Qf1+ 25. Ne1 Qg1 26. Qe2 h6
27. a3 Nd4 28. Qd2 Nc6 29. Qe2 Na5 30. Ka2 Qd4 31. Nf3 Qxc4+ 32. Qxc4 Nxc4 33.
Kb3 Nb6 34. Nd4 a6 35. Kb4 Nd7 36. Nf3 Kf8 37. Ka5 Ke7 38. b4 Kd8 39. b5 axb5
40. Kxb5 Kc7 41. g4 f6 42. Nd4 Nf8 43. exf6 gxf6 44. a4 Kd6 45. a5 Nd7 46. Ne2
Ke5 47. Kc4 f5 48. gxf5 exf5 49. Kd3 f4 50. Nd4 Kd5 51. h4 h5 52. Nf5 Nc5+ 53.
Ke2 Ne6 54. Kf3 Ke5 55. Ne7 Nd4+ 56. Kf2 Nb3 57. Kf3 Nd4+ 58. Kf2 Ke6 59. Nc8
Kd7 60. Nb6+ Kc6 61. Nc4 Kc5 62. Ne5 Kb5 63. Nd7 Nf5 64. Kf3 Nxh4+ 65. Kxf4
Ng6+ 66. Kg5 h4 67. Nf6 h3 68. Ng4 Ne5 69. Nh2 Kxa5 70. Kh4 b5 71. Kxh3 b4 72.
Nf1 Nc4 73. Ng3 b3 74. Ne2 b2 75. Nc3 Kb4 76. Nb1 Kb3 77. Kg2 Kc2 0-1

[Event "Gibtelecom Masters"]
[Site "Gibraltar"]
[Date "2008.01.26"]
[Round "5.49"]
[White "Caspi, Israel"]
[Black "Borg, Andrew"]
[Result "1-0"]
[WhiteElo "2378"]
[BlackElo "2127"]
[PlyCount "77"]
[EventDate "2008.01.22"]

1. d4 d5 2. c4 c6 3. Nf3 Nf6 4. Nc3 dxc4 5. a4 Bf5 6. Ne5 Nbd7 7. Nxc4 Qc7 8.
Qd2 Nb6 9. Ne3 Bg6 10. a5 Nbd5 11. Nexd5 Nxd5 12. a6 e6 13. f3 Be7 14. e4 Nb4
15. axb7 Qxb7 16. Bc4 O-O 17. O-O Rfd8 18. Qf2 Bf6 19. Be3 c5 20. dxc5 Nd3 21.
Bxd3 Rxd3 22. Rfd1 Rxd1+ 23. Nxd1 Be7 24. Rc1 Rc8 25. Bd4 f6 26. Qc2 Be8 27.
Qc4 Rc6 28. b4 a6 29. Nc3 Kf8 30. Ra1 Bf7 31. Bf2 Qc8 32. Qd3 Be8 33. Ne2 e5
34. Nc3 Qb7 35. Nd5 Re6 36. Nb6 Bb5 37. Qd5 Rc6 38. Nd7+ Ke8 39. Rd1 1-0

[Event "Gibtelecom Masters"]
[Site "Gibraltar"]
[Date "2008.01.26"]
[Round "5.50"]
[White "Waters, Michael"]
[Black "Quillan, Gary"]
[Result "0-1"]
[WhiteElo "2102"]
[BlackElo "2362"]
[PlyCount "114"]
[EventDate "2008.01.22"]

1. Nf3 Nf6 2. c4 e6 3. g3 d5 4. Bg2 Be7 5. O-O O-O 6. d4 dxc4 7. Qa4 a6 8. Qxc4
b5 9. Qc2 Bb7 10. Rd1 Ra7 11. Nc3 b4 12. Na4 Be4 13. Qb3 Nc6 14. Nc5 Bxf3 15.
Bxf3 Nxd4 16. Rxd4 Qxd4 17. Be3 Qxc5 18. Bxc5 Bxc5 19. Qc4 Be7 20. Bc6 Rd8 21.
e4 Ng4 22. Qe2 Ne5 23. Rc1 Rd6 24. Ba4 Nd3 25. Rc6 Rxc6 26. Bxc6 Ne5 27. Qc2 a5
28. f4 Nxc6 29. Qxc6 a4 30. Kg2 a3 31. b3 Bf8 32. e5 Ra5 33. Qe4 Rd5 34. Qc2
Rc5 35. Qb1 Rc3 36. Kh3 c5 37. Kg4 g6 38. Qd1 c4 39. bxc4 b3 40. axb3 a2 41.
Qa1 Rc2 42. Kf3 Bb4 43. Qd1 Rb2 44. c5 Bxc5 45. Qc1 Rxb3+ 46. Kg4 Bf8 47. Qa1
Ra3 48. Kg5 Kg7 49. f5 h6+ 50. Kh4 gxf5 51. Kh5 Kh7 52. h4 Bg7 53. g4 Bxe5 54.
Qd1 a1=Q 55. Qd7 Ra7 56. Qd3 Qd4 57. Qd1 Qxg4+ 0-1

[Event "Gibtelecom Masters"]
[Site "Gibraltar"]
[Date "2008.01.26"]
[Round "5.51"]
[White "Devereaux, Maxim L"]
[Black "Tofte, Sondre Waage"]
[Result "1-0"]
[WhiteElo "2348"]
[BlackElo "2108"]
[PlyCount "69"]
[EventDate "2008.01.22"]

1. d4 Nf6 2. c4 e6 3. Nf3 b6 4. g3 Ba6 5. Qc2 Bb7 6. Bg2 c5 7. d5 exd5 8. cxd5
Nxd5 9. O-O Be7 10. Rd1 O-O 11. Qe4 Na6 12. Rxd5 Nb4 13. Nc3 f5 14. Qc4 b5 15.
Qb3 c4 16. Qd1 Nxd5 17. Nxd5 Bc5 18. Bf4 Rc8 19. b4 cxb3 20. Qxb3 Kh8 21. Ne5
d6 22. Nd3 a6 23. Rd1 Qe8 24. Bf3 a5 25. Nxc5 dxc5 26. Nc7 c4 27. Qa3 Rxc7 28.
Bxc7 Bxf3 29. Qxf3 a4 30. Ba5 Qe7 31. Rb1 Qd7 32. Bc3 h6 33. Qe3 Kh7 34. Qc5 f4
35. Qxf8 1-0

[Event "Gibtelecom Masters"]
[Site "Gibraltar"]
[Date "2008.01.26"]
[Round "5.52"]
[White "Zozulia, Anna"]
[Black "Arnott, Jonathan W"]
[Result "1-0"]
[WhiteElo "2344"]
[BlackElo "2117"]
[PlyCount "103"]
[EventDate "2008.01.22"]

1. e4 e6 2. d4 d5 3. Nd2 c5 4. exd5 Qxd5 5. Ngf3 cxd4 6. Bc4 Qd6 7. O-O Nf6 8.
Nb3 Nc6 9. Nbxd4 Nxd4 10. Qxd4 Qxd4 11. Nxd4 Bd7 12. Be2 Bc5 13. Nb3 Bd6 14.
Bf3 Rc8 15. c3 Bc6 16. Be2 O-O 17. Rd1 Rfd8 18. Be3 b6 19. Ba6 Rc7 20. Nd4 Bb7
21. Bxb7 Rxb7 22. Nc6 Rdd7 23. f3 Rbc7 24. Nb8 Rd8 25. Rxd6 Rxd6 26. Bf4 Rcd7
27. Nxd7 Rxd7 28. a4 Kf8 29. a5 Nd5 30. axb6 axb6 31. Bg3 b5 32. Bf2 Ke7 33.
Bc5+ Kd8 34. g3 g6 35. Ra5 Rb7 36. Kf2 Kd7 37. Ke2 e5 38. Ra6 Ke8 39. Kd3 f6
40. Ke4 Rd7 41. h4 f5+ 42. Kxe5 Nc7 43. Rd6 Re7+ 44. Kf6 Re2 45. Bb6 Re7 46.
Bxc7 Rxc7 47. Rb6 Rf7+ 48. Kg5 f4 49. Rb8+ Kd7 50. Rb7+ Ke6 51. Rxf7 fxg3 52.
Ra7 1-0

[Event "Gibtelecom Masters"]
[Site "Gibraltar"]
[Date "2008.01.26"]
[Round "5.53"]
[White "Lilleoren, Morten"]
[Black "Dimitrov, Radoslav"]
[Result "1/2-1/2"]
[WhiteElo "2065"]
[BlackElo "2341"]
[PlyCount "59"]
[EventDate "2008.01.22"]

1. c4 c5 2. g3 Nc6 3. Bg2 g6 4. Nf3 Bg7 5. Nc3 e6 6. e3 Nge7 7. d4 cxd4 8. Nxd4
a6 9. O-O O-O 10. b3 Nxd4 11. exd4 Nf5 12. Ne2 d5 13. Bb2 dxc4 14. bxc4 Qc7 15.
Qb3 Rd8 16. Rfd1 Bd7 17. Rac1 Rab8 18. d5 e5 19. h3 Bf8 20. g4 Ng7 21. Qe3 Re8
22. c5 f5 23. d6 Qd8 24. Bd5+ Be6 25. Qxe5 Qd7 26. gxf5 Bf7 27. Be6 Bxe6 28.
fxe6 Rxe6 29. Qd5 Qf7 30. Ng3 1/2-1/2

[Event "Gibtelecom Masters"]
[Site "Gibraltar"]
[Date "2008.01.26"]
[Round "5.54"]
[White "Vul, Arkadi Eremeevich"]
[Black "Suez-Panama, Gilles"]
[Result "1-0"]
[WhiteElo "2337"]
[BlackElo "2099"]
[PlyCount "55"]
[EventDate "2008.01.22"]

1. Nf3 Nf6 2. c4 c5 3. Nc3 Nc6 4. d4 cxd4 5. Nxd4 Qa5 6. Nb3 Qb4 7. e3 Ne4 8.
Qc2 Nxc3 9. Bd2 Qa4 10. Bxc3 e6 11. Be2 Nb4 12. Qd2 d5 13. c5 Nc6 14. Nd4 Nxd4
15. exd4 Be7 16. b3 Qd7 17. b4 O-O 18. O-O a6 19. a4 f6 20. f4 b6 21. cxb6 Bb7
22. b5 Bd8 23. bxa6 Bxa6 24. a5 Bxe2 25. Qxe2 Re8 26. Rfb1 Rb8 27. Qb5 Qf7 28.
b7 1-0

[Event "Gibtelecom Masters"]
[Site "Gibraltar"]
[Date "2008.01.26"]
[Round "5.55"]
[White "Rodriguez Lopez, Rafael"]
[Black "Obers, Frits"]
[Result "1-0"]
[WhiteElo "2285"]
[BlackElo "2094"]
[PlyCount "85"]
[EventDate "2008.01.22"]

1. d4 Nf6 2. Nf3 e6 3. g3 b5 4. Bg2 Bb7 5. O-O c5 6. c3 Na6 7. Bg5 Be7 8. Qd3
Qb6 9. Nbd2 cxd4 10. cxd4 d5 11. Rac1 O-O 12. e3 h6 13. Bxf6 Bxf6 14. Nb3 Rac8
15. Rfd1 Nb4 16. Qb1 Rxc1 17. Rxc1 Rc8 18. a3 Na6 19. Bf1 b4 20. Rxc8+ Bxc8 21.
Qc2 Bb7 22. a4 g6 23. Ne1 Be7 24. Nd3 Qc6 25. Qxc6 Bxc6 26. a5 Bb5 27. Ne5 Bxf1
28. Kxf1 Nb8 29. Ke2 Bd6 30. Nd3 Nc6 31. Kd1 Kf8 32. Kc2 f6 33. f4 g5 34. a6 e5
35. fxe5 fxe5 36. dxe5 Bxe5 37. Nxe5 Nxe5 38. Nd4 Ke8 39. Kb3 Kd7 40. Kxb4 Nd3+
41. Kb5 Nxb2 42. Kc5 Nc4 43. e4 1-0

[Event "Gibtelecom Masters"]
[Site "Gibraltar"]
[Date "2008.01.26"]
[Round "5.56"]
[White "Foisor, Mihaela-Veronica"]
[Black "Forsaa, Espen"]
[Result "0-1"]
[WhiteElo "2043"]
[BlackElo "2285"]
[PlyCount "158"]
[EventDate "2008.01.22"]

1. d4 f5 2. c4 Nf6 3. g3 e6 4. Bg2 c6 5. Nf3 d5 6. O-O Bd6 7. b3 Qe7 8. Bb2
Nbd7 9. Qc1 b6 10. Nc3 O-O 11. Qc2 a5 12. cxd5 exd5 13. e3 Ba6 14. Rfd1 Ne4 15.
Ne2 Rac8 16. Nf4 Ndf6 17. Bf1 Bb7 18. Rac1 Ng4 19. Nd3 c5 20. Qb1 Nexf2 21. Re1
Ne4 22. Bg2 c4 23. bxc4 dxc4 24. Nde5 Bxe5 25. Nxe5 Nxe5 26. dxe5 c3 27. Bxc3
Nxc3 28. Qb3+ Kh8 29. Rxc3 Bxg2 30. Kxg2 Qxe5 31. Rxc8 Rxc8 32. Qxb6 Qd5+ 33.
Kg1 Qxa2 34. Rf1 Qd5 35. Qd4 Qb5 36. Rd1 h6 37. Qd7 Qxd7 38. Rxd7 Ra8 39. Rd3
a4 40. Ra3 g5 41. h3 Kg7 42. Kf2 Kf6 43. Kf3 Ke5 44. g4 fxg4+ 45. Kxg4 Kd5 46.
Kf5 Kc4 47. e4 Kb4 48. Ra1 Kb3 49. e5 Kb2 50. Re1 a3 51. e6 a2 52. Kg6 Ra6 53.
Kxh6 Rxe6+ 54. Rxe6 a1=Q 55. Kxg5 Qc1+ 56. Kg4 Qc4+ 57. Kf5 Qh4 58. Re3 Kc2 59.
Rf3 Kd2 60. Ke5 Ke2 61. Rf4 Qxh3 62. Re4+ Kd3 63. Rd4+ Kc3 64. Re4 Qh5+ 65. Kf4
Kd3 66. Re3+ Kd4 67. Re4+ Kd5 68. Re3 Qf7+ 69. Kg3 Qf5 70. Rf3 Qg5+ 71. Kh3 Ke4
72. Rg3 Qh5+ 73. Kg2 Qe2+ 74. Kh1 Kf4 75. Rg2 Qe1+ 76. Rg1 Qh4+ 77. Kg2 Qg3+
78. Kf1 Qf3+ 79. Ke1 Ke3 0-1

[Event "Gibtelecom Masters"]
[Site "Gibraltar"]
[Date "2008.01.26"]
[Round "5.57"]
[White "Revesz, Zoltan"]
[Black "Horton-Kitchlew, Andrew"]
[Result "1-0"]
[WhiteElo "2283"]
[BlackElo "2091"]
[PlyCount "51"]
[EventDate "2008.01.22"]

1. e4 e6 2. d4 d5 3. Nc3 dxe4 4. Nxe4 Nf6 5. Nxf6+ gxf6 6. Nf3 Nc6 7. c3 Qd5 8.
Be3 Bd7 9. a3 h5 10. c4 Qe4 11. Qd2 a5 12. O-O-O a4 13. Bd3 Qg4 14. Rhg1 Na5
15. Kb1 Nb3 16. Qc3 h4 17. d5 Be7 18. dxe6 fxe6 19. h3 Qh5 20. Bc2 b6 21. Nd4
Nc5 22. Nb5 Bxb5 23. cxb5 Rf8 24. Qc4 e5 25. Bxc5 bxc5 26. Be4 1-0

[Event "Gibtelecom Masters"]
[Site "Gibraltar"]
[Date "2008.01.26"]
[Round "5.58"]
[White "Lovik, Lasse Ostebo"]
[Black "Zuse, Klaus-Peter"]
[Result "1/2-1/2"]
[WhiteElo "2052"]
[BlackElo "2274"]
[PlyCount "81"]
[EventDate "2008.01.22"]

1. e4 c5 2. Nf3 d6 3. d4 cxd4 4. Nxd4 Nf6 5. Nc3 a6 6. Bg5 e6 7. f4 Qc7 8. Qf3
b5 9. Bxf6 gxf6 10. Bd3 Nc6 11. Nxc6 Qxc6 12. a3 h5 13. O-O Bb7 14. f5 Be7 15.
Qh3 Qd7 16. Be2 O-O-O 17. Rad1 Kb8 18. Bxh5 Qc7 19. Rd2 d5 20. exd5 Bc5+ 21.
Kh1 exd5 22. Ne2 d4 23. Nf4 Rde8 24. Qg4 Reg8 25. Qd1 Bd6 26. Nh3 Rxh5 27. Qxh5
Bxh2 28. Ng1 Bf4 29. Rxf4 Qxf4 30. Qh2 Rg3 31. Rxd4 Qe5 32. Rd2 Ka7 33. Qh4 Rg5
34. Nf3 Bxf3 35. Qf2+ Kb7 36. Qxf3+ Kc7 37. Rd5 Qe1+ 38. Kh2 Qh4+ 39. Kg1 Qe1+
40. Kh2 Qh4+ 41. Kg1 1/2-1/2

[Event "Gibtelecom Masters"]
[Site "Gibraltar"]
[Date "2008.01.26"]
[Round "5.59"]
[White "Rosberg, Simon"]
[Black "Havik, Victor"]
[Result "1-0"]
[WhiteElo "2246"]
[BlackElo "2072"]
[PlyCount "95"]
[EventDate "2008.01.22"]

1. d4 Nf6 2. c4 e6 3. Nf3 b6 4. g3 Bb7 5. Bg2 Be7 6. O-O d6 7. d5 e5 8. Nc3
Nbd7 9. Ne1 a5 10. e4 Nc5 11. Rb1 O-O 12. b3 Nfd7 13. a3 Bc8 14. b4 Nb7 15. Nd3
f5 16. exf5 Rxf5 17. Bh3 Rf8 18. Be6+ Kh8 19. Ne4 Nb8 20. Qg4 Bxe6 21. dxe6 Nc6
22. Bb2 Bf6 23. f4 Qe7 24. Rbd1 Nd4 25. f5 c5 26. b5 d5 27. cxd5 Rad8 28. Nc3
Nd6 29. a4 Ne8 30. Nf2 Nc7 31. Qe4 Qd6 32. Ng4 Nxd5 33. Nxd5 Qxd5 34. Qxd5 Rxd5
35. Ne3 Rdd8 36. Nc4 Rb8 37. Bxd4 exd4 38. Kf2 Rfd8 39. Ke2 Kg8 40. Kd3 Kf8 41.
g4 h6 42. Rh1 Ke7 43. h4 Rg8 44. Rdg1 g5 45. hxg5 Bxg5 46. Ne5 Kd6 47. Ke4 Be3
48. Nc4+ 1-0

[Event "Gibtelecom Masters"]
[Site "Gibraltar"]
[Date "2008.01.26"]
[Round "5.60"]
[White "Lindsoe, Fredrik Aunan"]
[Black "Steel, Henry Robert"]
[Result "0-1"]
[WhiteElo "2001"]
[BlackElo "2241"]
[PlyCount "48"]
[EventDate "2008.01.22"]

1. e4 c5 2. Nf3 e6 3. d4 cxd4 4. Nxd4 Nc6 5. Be3 Nf6 6. Nc3 a6 7. Bd3 Qc7 8.
O-O Bb4 9. Kh1 O-O 10. f4 d6 11. Nf3 b5 12. a4 Bxc3 13. bxc3 bxa4 14. Rxa4 Bd7
15. Qa1 a5 16. Nd4 Nxd4 17. Rxd4 Rfc8 18. Qa3 Qc5 19. Qxc5 dxc5 20. Rc4 Bc6 21.
Ra1 Nd7 22. e5 a4 23. Bxc5 Nxc5 24. Kg1 Bb5 0-1

[Event "Gibtelecom Masters"]
[Site "Gibraltar"]
[Date "2008.01.26"]
[Round "5.64"]
[White "Campbell, Ian"]
[Black "Ramaswamy, Aarthie"]
[Result "0-1"]
[WhiteElo "2024"]
[BlackElo "2322"]
[PlyCount "50"]
[EventDate "2008.01.22"]

1. d4 Nf6 2. Nf3 g6 3. e3 Bg7 4. b3 d6 5. Bb2 O-O 6. Be2 c6 7. O-O Nbd7 8. Nbd2
Qc7 9. Re1 e5 10. dxe5 Nxe5 11. Nxe5 dxe5 12. e4 Rd8 13. Bd3 Bg4 14. f3 Be6 15.
Qe2 Nd7 16. Rad1 b5 17. c3 a5 18. Bb1 a4 19. b4 Nb6 20. a3 Bh6 21. Nf1 Bb3 22.
Rxd8+ Rxd8 23. Ne3 Bxe3+ 24. Qxe3 Nc4 25. Qf2 Rd2 0-1

[Event "Gibtelecom Masters"]
[Site "Gibraltar"]
[Date "2008.01.26"]
[Round "5.66"]
[White "Byron, Alan M"]
[Black "Jameson, David"]
[Result "1-0"]
[WhiteElo "2229"]
[BlackElo "2033"]
[PlyCount "55"]
[EventDate "2008.01.22"]

1. c4 e5 2. Nc3 Nf6 3. g3 Nc6 4. Bg2 Bb4 5. e3 O-O 6. Nge2 Re8 7. a3 Bxc3 8.
Nxc3 e4 9. Qc2 Qe7 10. Nd5 Qe5 11. Nxf6+ gxf6 12. O-O d5 13. cxd5 Qxd5 14. f3
Qd3 15. Qd1 Ne5 16. fxe4 Bg4 17. Qe1 Qa6 18. d4 Be2 19. Rf2 Nd3 20. Qxe2 Nxf2
21. Qxf2 Qd3 22. Bd2 Re6 23. Bc3 c6 24. Rf1 Rae8 25. d5 cxd5 26. exd5 Rxe3 27.
Qxf6 Qg6 28. Qh8# 1-0

[Event "Gibtelecom Masters"]
[Site "Gibraltar"]
[Date "2008.01.26"]
[Round "5.67"]
[White "Hamer, Martyn"]
[Black "Nadig, Kruttika"]
[Result "0-1"]
[WhiteElo "1962"]
[BlackElo "2208"]
[PlyCount "56"]
[EventDate "2008.01.22"]

1. e4 c5 2. Nf3 d6 3. d4 cxd4 4. Nxd4 Nf6 5. Nc3 a6 6. g4 Bxg4 7. f3 Bd7 8. Bg5
e5 9. Nb3 Be7 10. Qd2 Be6 11. O-O-O Nbd7 12. Rg1 g6 13. Kb1 Qc7 14. Nc1 Rc8 15.
f4 exf4 16. Be2 Nc5 17. Qxf4 Ncxe4 18. Bxf6 Nxf6 19. Rgf1 O-O 20. Rd3 Nd7 21.
Rg3 Bf6 22. Qh6 Bg7 23. Qh4 d5 24. Nb3 Nc5 25. Nd4 Ne4 26. Rd3 Qb6 27. Nxe4
dxe4 28. Qxe4 Bc4 0-1

[Event "Gibtelecom Masters"]
[Site "Gibraltar"]
[Date "2008.01.26"]
[Round "5.70"]
[White "Molina, Antonio"]
[Black "Husin, Axel"]
[Result "1-0"]
[WhiteElo "2189"]
[BlackElo "2012"]
[PlyCount "57"]
[EventDate "2008.01.22"]

1. d4 d5 2. c4 e6 3. Nc3 c6 4. Nf3 dxc4 5. a4 Bb4 6. e3 b5 7. Bd2 Bb7 8. axb5
Bxc3 9. Bxc3 cxb5 10. b3 a5 11. bxc4 b4 12. Bb2 Nf6 13. Bd3 Nbd7 14. O-O O-O
15. Nd2 Qc7 16. Bc2 Rfd8 17. f4 Nb6 18. c5 Nbd5 19. Re1 Bc6 20. Nc4 Ra7 21. Nd6
Qd7 22. e4 Ne7 23. Re3 a4 24. e5 Nfd5 25. Bxh7+ Kf8 26. Qh5 Nc8 27. Rg3 Nxd6
28. cxd6 a3 29. Bc2 1-0

[Event "Gibtelecom Masters"]
[Site "Gibraltar"]
[Date "2008.01.26"]
[Round "5.71"]
[White "Vea, Odin Blikra"]
[Black "Thollin, Robert"]
[Result "1-0"]
[WhiteElo "2168"]
[BlackElo "2011"]
[PlyCount "65"]
[EventDate "2008.01.22"]

1. e4 d6 2. d4 Nf6 3. Nc3 g6 4. f4 Bg7 5. Nf3 c5 6. dxc5 Qa5 7. Bd3 Qxc5 8. Qe2
O-O 9. Be3 Qa5 10. Bd2 Nc6 11. h3 Qd8 12. O-O a6 13. Kh2 Nd7 14. Rad1 b5 15. a3
Bb7 16. b4 Rc8 17. Nd5 e6 18. Ne3 Nb6 19. c4 bxc4 20. Nxc4 d5 21. Nxb6 Qxb6 22.
e5 Rfd8 23. Rc1 Ne7 24. Rxc8 Bxc8 25. Rc1 d4 26. Rc5 Bf8 27. Qf2 Nf5 28. Bxf5
Bxc5 29. bxc5 Qxc5 30. Qh4 Qc7 31. Qh6 f6 32. exf6 exf5 33. Ba5 1-0

[Event "Gibtelecom Masters"]
[Site "Gibraltar"]
[Date "2008.01.26"]
[Round "5.72"]
[White "Mundaca, Juan Carlos"]
[Black "Bryn, Askild"]
[Result "1/2-1/2"]
[WhiteElo "2162"]
[BlackElo "1997"]
[PlyCount "89"]
[EventDate "2008.01.22"]

1. d4 d5 2. Nf3 Nf6 3. Bg5 e6 4. e3 Nbd7 5. Bd3 b6 6. Nbd2 c5 7. c3 Be7 8. O-O
O-O 9. Ne5 Nxe5 10. dxe5 Nd7 11. Bf4 f6 12. Qh5 f5 13. Nf3 Qe8 14. Qh3 Qg6 15.
Be2 Qg4 16. Rfe1 Qxh3 17. gxh3 g5 18. Bxg5 Bxg5 19. Nxg5 Nxe5 20. f4 Nf7 21. h4
h6 22. Nf3 Bd7 23. Kf2 Kh7 24. Rg1 Rg8 25. Rad1 Rxg1 26. Rxg1 Rg8 27. Rd1 Bc6
28. Rc1 Nd6 29. Rg1 Rxg1 30. Kxg1 Nf7 31. Kf2 Kg7 32. Ne5 Nxe5 33. fxe5 Kf7 34.
Kg3 Ke7 35. Kf4 b5 36. a3 c4 37. Bh5 Kd8 38. Kg3 Kc7 39. Kf2 Kb6 40. Ke1 Kc5
41. Kd2 a5 42. Bf7 Bd7 43. Bg8 Kc6 44. Bf7 Kc7 45. Bh5 1/2-1/2

[Event "Gibtelecom Masters"]
[Site "Gibraltar"]
[Date "2008.01.26"]
[Round "5.73"]
[White "Kuenitz, Klaus"]
[Black "Osuna Vega, Enrique"]
[Result "0-1"]
[WhiteElo "1645"]
[BlackElo "2146"]
[PlyCount "86"]
[EventDate "2008.01.22"]

1. d4 Nf6 2. c4 e5 3. dxe5 Ne4 4. Nf3 Nc6 5. Nbd2 Bb4 6. a3 Nxd2 7. Bxd2 Bxd2+
8. Qxd2 Qe7 9. Qc3 O-O 10. e3 Re8 11. Be2 Nxe5 12. Nxe5 Qxe5 13. Qxe5 Rxe5 14.
Bf3 d6 15. O-O Be6 16. Rac1 Rb8 17. b4 g5 18. Rfd1 g4 19. Bd5 Bf5 20. g3 Kf8
21. Rd4 h5 22. Rf4 Ke7 23. Rd1 Be6 24. h3 f5 25. Kg2 Bd7 26. Kh2 Bc6 27. b5 Be8
28. a4 Bd7 29. Rfd4 Kf6 30. Rf4 Ke7 31. Rd2 Be6 32. Rdd4 Bd7 33. Bg2 a6 34. e4
axb5 35. axb5 fxe4 36. Rdxe4 b6 37. Bf1 Rf8 38. Rxf8 Kxf8 39. Rf4+ Ke7 40. hxg4
hxg4 41. Bd3 c6 42. bxc6 Bxc6 43. Bf1 Rh5+ 0-1

[Event "Gibtelecom Masters"]
[Site "Gibraltar"]
[Date "2008.01.26"]
[Round "5.74"]
[White "Compton, Alistair"]
[Black "Helin, Mikael"]
[Result "1-0"]
[WhiteElo "2132"]
[BlackElo "1935"]
[PlyCount "75"]
[EventDate "2008.01.22"]

1. e4 c5 2. Nc3 a6 3. g3 Nc6 4. Bg2 e5 5. d3 h6 6. Nge2 d6 7. O-O g5 8. Nd5 Be6
9. f4 gxf4 10. gxf4 Bg4 11. Qe1 Bg7 12. c3 exf4 13. Nexf4 Be5 14. Qf2 Rh7 15.
h3 h5 16. hxg4 hxg4 17. Nh5 g3 18. Nhf6+ Nxf6 19. Nxf6+ Qxf6 20. Qxf6 Bxf6 21.
Rxf6 Ne5 22. Rxd6 Ke7 23. Rd5 f6 24. Rxc5 Ke6 25. d4 Nd3 26. Rf5 Rg8 27. Be3 b5
28. Raf1 Rg6 29. d5+ Ke7 30. Bd4 Nf2 31. Bxf2 gxf2+ 32. R1xf2 Rhh6 33. Kf1 Rh2
34. e5 b4 35. exf6+ Kf8 36. d6 Rg3 37. d7 Rd3 38. Rd5 1-0

[Event "Gibtelecom Masters"]
[Site "Gibraltar"]
[Date "2008.01.26"]
[Round "5.78"]
[White "Joseph, Adrian P"]
[Black "Erichsen, Dan"]
[Result "1-0"]
[WhiteElo "1958"]
[BlackElo "2169"]
[PlyCount "85"]
[EventDate "2008.01.22"]

1. e4 e5 2. Bb5 Nf6 3. Nc3 Bb4 4. Nge2 O-O 5. d3 c6 6. Ba4 d5 7. a3 Ba5 8. Bd2
Bg4 9. b4 Bb6 10. O-O h6 11. Kh1 Bh5 12. Qe1 d4 13. Nd1 Nbd7 14. Rg1 Re8 15. f3
Nf8 16. g4 Bg6 17. g5 hxg5 18. Bxg5 N8h7 19. Bh4 Qd7 20. Qf1 Nh5 21. Bb3 Nf8
22. Qg2 Bd8 23. Be1 a5 24. Nf2 Qd6 25. Nh3 axb4 26. Bxb4 c5 27. Bd2 Rc8 28. Bc4
b6 29. Ng3 Bf6 30. a4 Ne6 31. Ne2 Kf8 32. Qg4 Ra8 33. f4 Nexf4 34. Nhxf4 exf4
35. Bb5 Red8 36. Nxf4 Nxf4 37. Bxf4 Be5 38. Raf1 Bxf4 39. Rxf4 Ra7 40. Rf3 Kg8
41. Bc4 b5 42. axb5 Bf5 43. Qxg7# 1-0

[Event "Gibtelecom Masters"]
[Site "Gibraltar"]
[Date "2008.01.26"]
[Round "5.79"]
[White "Almond, Richard J"]
[Black "Petrovic, Marko"]
[Result "1-0"]
[WhiteElo "2107"]
[BlackElo "1983"]
[PlyCount "61"]
[EventDate "2008.01.22"]

1. d4 d5 2. c4 c6 3. Nf3 Nf6 4. Nc3 e6 5. Bg5 dxc4 6. e4 b5 7. e5 h6 8. Bh4 g5
9. Nxg5 Nd5 10. Nxf7 Qxh4 11. Nxh8 Bb4 12. Rc1 c5 13. dxc5 Qg5 14. Be2 Nf4 15.
Rc2 Bb7 16. Bf3 Nd3+ 17. Kf1 Nc6 18. Nxb5 Ke7 19. Rxc4 Ncxe5 20. Bxb7 Nxc4 21.
Bxa8 Nxf2 22. Qd8+ Kxd8 23. Nf7+ Ke7 24. Nxg5 Nxh1 25. Ne4 a6 26. Nd4 Nxb2 27.
Nc6+ Kd7 28. Nxb4 a5 29. Na6 Nd3 30. c6+ Ke7 31. c7 1-0

[Event "Gibtelecom Masters"]
[Site "Gibraltar"]
[Date "2008.01.26"]
[Round "5.80"]
[White "Skage, Oystein Aagedal"]
[Black "Perman, Torvald"]
[Result "1-0"]
[WhiteElo "1919"]
[BlackElo "2092"]
[PlyCount "87"]
[EventDate "2008.01.22"]

1. e4 c5 2. Nf3 e6 3. d4 cxd4 4. Nxd4 a6 5. Bd3 Nf6 6. O-O Qc7 7. Qe2 d6 8. c4
g6 9. Nc3 Bg7 10. Be3 O-O 11. Rac1 Nbd7 12. f4 b6 13. Nb3 Bb7 14. Nd2 Rad8 15.
b4 Qb8 16. Na4 Ba8 17. h3 Nh5 18. Qf2 e5 19. f5 Nf4 20. Bb1 b5 21. Nb6 Nxb6 22.
Bxb6 bxc4 23. Bxd8 Rxd8 24. Nxc4 Bxe4 25. Bxe4 d5 26. Bb1 dxc4 27. Rxc4 gxf5
28. Bxf5 Qd6 29. Qh4 Ng6 30. Qxd8+ Qxd8 31. Rc8 Bf6 32. Rd1 Qxc8 33. Bxc8 Be7
34. Rb1 a5 35. bxa5 Bc5+ 36. Kh1 Ne7 37. a6 e4 38. Bg4 e3 39. Rb7 Nf5 40. Bxf5
e2 41. Rb1 Bf2 42. Bg4 e1=Q+ 43. Rxe1 Bxe1 44. a7 1-0

[Event "Gibtelecom Masters"]
[Site "Gibraltar"]
[Date "2008.01.26"]
[Round "5.82"]
[White "Arvola, Benjamin"]
[Black "Marks, Ian A"]
[Result "1-0"]
[WhiteElo "2062"]
[BlackElo "1919"]
[PlyCount "71"]
[EventDate "2008.01.22"]

1. e4 c5 2. Nf3 d6 3. d4 cxd4 4. Nxd4 Nf6 5. Nc3 a6 6. Be3 e5 7. Nb3 Be6 8. f3
Nbd7 9. Qd2 Be7 10. O-O-O O-O 11. g4 b5 12. g5 Nh5 13. Nd5 Bxd5 14. exd5 f5 15.
gxf6 Rxf6 16. Na5 Nf4 17. Nc6 Qe8 18. Kb1 Bd8 19. Nxd8 Qxd8 20. Rg1 Nb6 21. Rg4
Nbxd5 22. Bf2 Qc7 23. Rc1 b4 24. Bd3 Rc8 25. Rcg1 Rf7 26. Rh4 Qa5 27. Bxh7+ Kf8
28. Be4 Rc6 29. Rxf4 Rxf4 30. Bxd5 Rd4 31. Qg5 Qxd5 32. Qxg7+ Ke8 33. Qh8+ Kd7
34. Rg7+ Ke6 35. Qe8+ Kf5 36. Qg6+ 1-0

[Event "Gibtelecom Masters"]
[Site "Gibraltar"]
[Date "2008.01.26"]
[Round "5.83"]
[White "Jorgensen, Line Jin"]
[Black "Hughes, Roy"]
[Result "1-0"]
[WhiteElo "1867"]
[BlackElo "2051"]
[PlyCount "111"]
[EventDate "2008.01.22"]

1. d4 Nf6 2. c4 e6 3. Nc3 Bb4 4. Qc2 O-O 5. Bg5 h6 6. Bh4 d5 7. a3 Be7 8. Nf3
c6 9. e3 Nbd7 10. Bd3 Qc7 11. cxd5 exd5 12. O-O Re8 13. Rac1 a6 14. Bf5 Nb6 15.
Ne5 Bxf5 16. Qxf5 Qc8 17. Qd3 Ng4 18. Bxe7 Nxe5 19. dxe5 Rxe7 20. f4 Qe6 21.
Ne2 Rae8 22. Rf3 f6 23. Nd4 Qf7 24. Nf5 fxe5 25. fxe5 Qe6 26. Nxe7+ Rxe7 27.
Rcf1 Re8 28. Qb3 Nc4 29. Qxb7 Nxe5 30. Rg3 Re7 31. Qxa6 Nc4 32. Qa8+ Re8 33.
Qb7 Re7 34. Qb8+ Re8 35. Qf4 Nd2 36. Re1 Ne4 37. Rf3 Ng5 38. Rf2 Qg6 39. Kh1
Ne4 40. Rf3 Qe6 41. Kg1 Ng5 42. Rff1 Qg6 43. Qg4 Re4 44. Rf4 h5 45. Qc8+ Re8
46. Qf5 Kh7 47. h4 Ne4 48. Qxg6+ Kxg6 49. Rc1 Re6 50. a4 Ng3 51. Kf2 Nf5 52. a5
Ne7 53. Rc5 Nc8 54. a6 Nd6 55. a7 Ne4+ 56. Rxe4 1-0

[Event "Gibtelecom Masters"]
[Site "Gibraltar"]
[Date "2008.01.26"]
[Round "5.84"]
[White "Hagen, Anders Gjerdum"]
[Black "Reppen, Ellisiv"]
[Result "1-0"]
[WhiteElo "2049"]
[BlackElo "1918"]
[PlyCount "31"]
[EventDate "2008.01.22"]

1. e4 e5 2. Nf3 Nc6 3. d4 exd4 4. Bc4 Be7 5. c3 Nf6 6. e5 Ne4 7. Bd5 Ng5 8.
Nxg5 Bxg5 9. Qh5 Qe7 10. Qxg5 Qxg5 11. Bxg5 dxc3 12. Nxc3 Nxe5 13. Nb5 O-O 14.
Nxc7 Rb8 15. Be7 Nd3+ 16. Kd2 1-0